Seleções da AFC pelo Ranking da FIFA - Statistics

Estatísticas Gerais
  • Esse quiz foi jogado 70 vezes
  • A pontuação média é 13 de 20
Estatísticas das Respostas
Rank Inicial Seleção % Correto
18 J Japão
100%
25 C Coreia do Sul
94%
21 I Irã
92%
50 U Uzbequistão
85%
27 A Austrália
83%
79 O Omã
81%
55 C Catar
75%
61 A Arábia Saudita
73%
57 I Iraque
73%
63 J Jordânia
71%
68 E Emirados Árabes Unidos
60%
93 T Tailândia
60%
99 V Vietnã
60%
107 Q Quirguistão
58%
84 S Síria
54%
91 B Bahrein
52%
94 C China
52%
108 L Líbano
50%
103 T Tajiquistão
35%
95 P Palestina
33%
Nenhum quiz correspondente encontrado
Distribuição das Pontuações
Porcentagem de Pessoas com Cada Pontuação
Percentil de Números Respondidos
Sua Pontuação Histórica
Você não jogou esse quiz